000 00569nam a2200193Ia 4500
005 20250508152847.0
008 008 250505s9999 xx 000 0 eng d
037 _aTextual
040 _aFEDL
_beng
_cFEDL
041 _aeng
_2eng
084 _a372.413, HAR
_qFEDL
100 _aHarris Albert J
245 0 _aHow to increase reading ability : A guide to developmental and remedial methods
250 _a4
260 _aNew York, USA
_bDavid Mckay Company
_c1961
300 _axxi,624p
942 _cTEXL
_h372.413, HAR
999 _c1339252
_d1339252